01196cam a2200289 a 4500001000800000005001700008008004100025010001700066020002600083050002300109100002600132245017500158250001200333260007900345300004200424500002000466504003000486600004200516600007200558610004300630630004200673650002300715650006300738651004800801700002300849700003400872291052220170117093430.0880610s1988 nyua b 001 0 eng  a 88019577  a0517571110 :c$100.0000aND623 .P548A4 19881 aGuillaud, Jacqueline.10aPiero della Francesca, poet of form :bthe frescos of San Francesco di Arezzo /cby Jacqueline and Maurice Guillaud with the collaboration of Margherita Moriondo Lenzini. a1st ed. aNew York :bC.N. Potter ;aParis ;aNew York :bGuillaud Editions,cc1988. a307 p. :bchiefly col. ill. ;c30 cm. aIncludes index. aBibliography: p. 304-305.00aPiero,cdella Francesca,d1416?-1492.00aPiero,cdella Francesca,d1416?-1492xCriticism and interpretation.20aSan Francesco (Church : Arezzo, Italy)00aBible.pNew TestamentxIllustrations. 0aHoly Cross in art. 0aMural painting and decoration, RenaissancezItalyzArezzo. 0aArezzo (Italy)xBuildings, structures, etc.1 aGuillaud, Maurice.2 aLenzini Moriondo, Margherita.